01181nam a22002537a 4500003001700000005001700017008004100034020001800075040000700093041001200100082001700112100001800129245002400147250000900171260002500180300002900205365006300234520051600297650003600813700002100849700002100870700001800891700001800909St Aloysius Coll20251030112959.0251029b |||||||| |||| 00| 0 eng d a9789353065591 cAL aEnglish a616.89bBUTA aJill M Hooley aAbnormal psychology a17th aNoidabPearsonc2024 axxvi,83pbPBc25x20.5cm. 2Generala4225b₹832.00c₹d₹1040.00e20%f23/10/2025 aAbnormal Psychology, 17e provides a comprehensive and engaging introduction to the primary psychological disorders studied within the discipline. Maintaining a focus on individuals, who are at the heart of the study of abnormal psychology, the authors employ a biopsychosocial approach to help achieve a holistic understanding of the context in which behavioral abnormalities occur. The Seventeenth Edition has also been extensively updated to reflect DSM-5 diagnostic categories, classifications, and criteria. 2Abnormal PsychologyaPsychology aButcher, James N aNock, Mattthew K aMineka, Susan aKapur, Preeti